Normal view
MARC view
- DETECTORS-DESIGN AND CONSTRUCTION PROGRAMABLE CONTROLLERS SIGNAL PROCESSING-DIGITAL TECHNIQUES SEMICONDUCTORS
Entry Topical Term
001 - CONTROL NUMBER
- control field: 76840
003 - CONTROL NUMBER IDENTIFIER
- control field: NUST
005 - DATE AND TIME OF LATEST TRANSACTION
- control field: 20210628205726.0
008 - FIXED-LENGTH DATA ELEMENTS
- fixed length control field: 210628|| aca||aabn | a|a d
040 ## - CATALOGING SOURCE
- Original cataloging agency: NUST
- Transcribing agency: NUST
150 ## - HEADING--TOPICAL TERM
- Topical term or geographic name entry element: DETECTORS-DESIGN AND CONSTRUCTION PROGRAMABLE CONTROLLERS SIGNAL PROCESSING-DIGITAL TECHNIQUES SEMICONDUCTORS
670 ## - SOURCE DATA FOUND
- Source citation: Work cat.: (NUST): Frank, Randy 76839, Understanding smart sensors, 1996
